| 000 | 00644nam a22002297a 4500 | ||
|---|---|---|---|
| 999 |
_c2070 _d2070 |
||
| 003 | OSt | ||
| 005 | 20220324112142.0 | ||
| 008 | 150615b xxu||||| |||| 00| 0 eng d | ||
| 020 | _a9780273789970 | ||
| 040 | _cDDC | ||
| 082 | _a658;4038 LAU 2014 | ||
| 100 |
_aLaudon, Kenneth C. _95377 |
||
| 245 |
_aManagement information systems: _bmanaging digital firm. |
||
| 250 | _a13th ed. | ||
| 260 |
_aBoston; _bPearson, _c2014 |
||
| 300 |
_a639p; _bcol.ill: _c28cm |
||
| 504 | _aReferences, glossary & index included | ||
| 650 |
_aInformation systems _92356 |
||
| 650 |
_aData base _95378 |
||
| 700 |
_aLaudon, Jane P. _95379 |
||
| 942 |
_2z _cO_SHELF |
||